000 00414nam a22001697a 4500
005 20180718121949.0
008 160511b xxu||||| |||| 00| 0 eng d
020 _a0-7069-9897-9
041 _aeng
082 _b1238
_a658.1511
100 _aPandey I.M.
_94549
245 _aManagement Accounting
260 _bVikas Publishing house Pvt. Ltd.
_c1983
300 _a608p,
650 _aManagement
_9241
942 _cBK
999 _c512
_d512